A brief history of the German trade unions / (Record no. 2608)

MARC details
000 -LEADER
fixed length control field 01123cam a2200313 a 4500
001 - CONTROL NUMBER
control field 4857696
003 - CONTROL NUMBER IDENTIFIER
control field OSt
005 - DATE AND TIME OF LATEST TRANSACTION
control field 20230626091235.0
008 - FIXED-LENGTH DATA ELEMENTS--GENERAL INFORMATION
fixed length control field 910412s1991 gw a b 001 0 eng
010 ## - LIBRARY OF CONGRESS CONTROL NUMBER
LC control number 91140832
020 ## - INTERNATIONAL STANDARD BOOK NUMBER
International Standard Book Number 3801201619 :
Terms of availability DM48.00
040 ## - CATALOGING SOURCE
Original cataloging agency DLC
Transcribing agency DLC
041 1# - LANGUAGE CODE
Language code of text/sound track or separate title eng
Language code of original ger
043 ## - GEOGRAPHIC AREA CODE
Geographic area code e-gx---
-- e-gw---
050 00 - LIBRARY OF CONGRESS CALL NUMBER
Classification number HD6694
Item number .S263313 1991
082 00 - DEWEY DECIMAL CLASSIFICATION NUMBER
Classification number 331.88/0943
Edition number 20
Item number SCH
100 1# - MAIN ENTRY--PERSONAL NAME
Personal name Schneider, Michael,
Dates associated with a name 1944-
240 10 - UNIFORM TITLE
Uniform title Kleine Geschichte der Gewerkschaften.
Language of a work English
245 12 - TITLE STATEMENT
Title A brief history of the German trade unions /
Statement of responsibility, etc. Michael Schneider ; translated by Barrie Selman.
260 ## - PUBLICATION, DISTRIBUTION, ETC. (IMPRINT)
Place of publication, distribution, etc. Bonn :
Name of publisher, distributor, etc. J.H.W. Dietz,
Date of publication, distribution, etc. c1991.
300 ## - PHYSICAL DESCRIPTION
Extent 422 p. :
Other physical details ill. ;
Dimensions 21 cm.
500 ## - GENERAL NOTE
General note Translation of: Kleine Geschichte der Gewerkschaften.
504 ## - BIBLIOGRAPHY, ETC. NOTE
Bibliography, etc Includes bibliographical references (p. 402-411) and index.
650 #0 - SUBJECT ADDED ENTRY--TOPICAL TERM
Topical term or geographic name as entry element Labor unions
Geographic subdivision Germany
General subdivision History.
650 #0 - SUBJECT ADDED ENTRY--TOPICAL TERM
Topical term or geographic name as entry element Labor unions
Geographic subdivision Germany (West)
General subdivision History.
906 ## - LOCAL DATA ELEMENT F, LDF (RLIN)
a 7
b cbc
c orignew
d 2
e ncip
f 19
g y-gencatlg
942 ## - ADDED ENTRY ELEMENTS (KOHA)
Source of classification or shelving scheme Dewey Decimal Classification
Koha item type Books
Holdings
Withdrawn status Lost status Source of classification or shelving scheme Damaged status Not for loan Home library Current library Date acquired Total Checkouts Full call number Barcode Date last seen Price effective from Koha item type
    Dewey Decimal Classification     County Hall Archives County Hall Archives 06/26/2023   331.88/0943 SCH 10002095 06/26/2023 06/26/2023 Books
LIBRARY OPENING HOURS

When the Parliament is sitting: 8.00a.m - 7.00p.m or until the house adjourns
Mondays and Fridays and when the House is on Recess:  8.00a.m - 5.00p.m
Closed on Weekends and Public Holidays

Online Public Access Catalog (OPAC)
Website: http://www.parliament.go.ke
Bunge Library: https://libraryir.parliament.go.ke
Contact: library@parliament.go.ke | Tel no: (254-2)2221291 or 2848000 Ext 5043